000 00798nam a2200253Ia 4500
003 OSt
005 20221005103213.0
006 a|||||r|||| 00| 0
007 ta
008 221004b |||||||| |||| 00| 0 hin d
024 _a108759
037 _cTextual
040 _aCRL
_cCRL
_bhin
041 _2hin
_ahin
082 _aO152,1LCH,1, E9
100 _aश्यामसुन्ददास
245 0 _aपरमाल रासो
246 _aParamāl rāso
260 _aकाशी
_bनागरी प्रचारिणी सभा भारत
_c1919
300 _a553पृ0
_ccm.
650 _aहिन्दी साहित्य
942 _hO152,1LCH,1, E9
_cTEXL
_2cc
999 _c1009635
_d1009635